DESARROLLO ECONOMICO: PASADO Y PRESENTE/

TRADUCCION DE: ECONOMIC DEVELOPMENT: PAST AND PRESENT

Uloženo v:
Podrobná bibliografie
Hlavní autor: Gill, Richard T. (autor)
Médium: Kniha
Témata:
Tagy: Přidat tag
Žádné tagy, Buďte první, kdo vytvoří štítek k tomuto záznamu!

MARC

LEADER 00000nam^a2200000^a^4500
001 000226297
005 20250521000000.0
009 20260310104159.376
035 |a 045197 
037 |a Acervo Xavier Clavigero 
082 |a 338. 9  |b GIL 
100 |a Gill, Richard T.  |e (autor) 
245 1 0 |a DESARROLLO ECONOMICO:  |b PASADO Y PRESENTE/  |c RICHARD T. GILL; TR. PEDRO GUILLEN DIAZ 
264 |a MEXICO :  |b UTEHA,  |c 1965 
300 |a 215p. 
336 |a texto  |b txt  |2 rdacontenido 
337 |a sin mediación  |b n  |2 rdamedio 
338 |a volumen  |b nc  |2 rdasoporte 
520 |a TRADUCCION DE: ECONOMIC DEVELOPMENT: PAST AND PRESENT 
520 |a INCLUYE BIBLIOGRAFIA E INDICE 
649 |a XX 
650 |a Desarrollo Económico-Social 
650 |a Países Subdesarrollados -  |x Condiciones Económicas 
910 |a Fondo General 
920 |a Impresos - Libros 
930 |a Colección General 
905 |a 101 
901 |a 045197  |b IT1  |c ACC  |i 045197  |u 20250521 
902 |a https://opac.biblio.iteso.mx/vufind/Record/000226297